000 00934nam a2200253 a 4500
001
003 DO-SdBNP
005 20210716111820.0
008 180321s2015 dr a 000 0 spa d
020 _a9789945590296
040 _aBPMSU
_bspa
_cBPMSU
082 _a551.460097293
_bR788c 2015
_222
100 1 _aRosa, Mat
245 1 0 _aCambio climático en la República Dominicana :
_brecursos costeros y comunidades /
_cMatt Rosa y Hillary Lohmann.
260 _aSanto Domingo :
_bFUNGLODE,
_c2015.
300 _a121 p. :
_bil., mapas, gráf. ;
_c21 cm.
490 0 _aEstudios y reflexiones. Medio ambiente
590 _aInventariado,2021/VM
650 4 _aCambios climáticos
_zRepública Dominicana, Costa Oceano Atlántico
650 4 _aManejo de zonas costeras
_zRepública Dominicana, Costa Oceano Atlántico
710 2 _aFundación Global Democracía y Desarrollo (Repùblica Dominicana)
910 _aVMateo V
942 _2ddc
_cBK
999 _c13574
_d13574